00726 a2200217 4500010001400000020002600014035001300040037001500053082001100068090001700079100001700096245006600113250001300179260004500192270004800237300002700285500002100312942002600333999001700359952013200376 aENG-89745 c175.00a9788120334670 aEN-73278 bDBAD / PUB14a515.35 c11603d116031 aMondal, C.R.1 aTextboook of ordinary differential equations/cby C.R. Mondal arev. ed. aNew DelhibPrentice- Hall of Indiac2008 aM-97, Connaught Circus,bNew Delhie110 001 ax, 185p.c24 cm (pbk) aIncludes index. adplcENk515.35 / MON c11286d11286 00102ddc40718NFICaDBADbDBADeDBAD/PUBg175.00l0o515.35pEN-73278r2008-09-15 00:00:00t1u12396v175.00w2008-09-15yEN